JÓZEF MAGNUSZEWSKI, MICKIEWICZ WŚRÓD SŁOWAKÓW.

Bibliographic Details
Main Author: Ambruš, Jozef, 1914-1993 (Author)
Format: Article
Language:Slovak

MARC

LEADER 00000nab a2200000uu 4500
001 vtls011537388
003 SK-MaSNL
005 20260303211635.0
008 230222|1956 xo |||||||||||||||||slo|
015 |a SNBRB 
035 |a (urnnbn)urn:nbn:sk:snk:ar-006bt0 
035 |a (uuid)7052bf07-5712-4d53-886b-e82a8624dbed 
035 |a urn:nbn:sk:snk-abewc8 
040 |a SNKBUCL  |b slo  |c SNKBUCL  |e AACR2 
041 0 |a slo 
044 |a xo  |c SK 
100 1 |a Ambruš, Jozef,  |d 1914-1993  |4 aut  |9 107506 
245 1 0 |a JÓZEF MAGNUSZEWSKI, MICKIEWICZ WŚRÓD SŁOWAKÓW.  |c Jozef Ambruš 
773 0 |t Slovenská literatúra  |g Roč. 3, č. 4 (1956), s. 501-503 
954 |a odborná, vedecká literatúra pôvodná (slovenská)  |2 lita 
958 |a OND 
958 |a EUIPO 
958 |a article22 
999 |c 2203684  |d 2205614